| 000 | 01216nam a2200337 c 4500 | ||
|---|---|---|---|
| 003 | BLK | ||
| 005 | 20250628101123.0 | ||
| 008 | 180408b bul|||||r ||||||| ||bul|| | ||
| 010 | _aKNG00056418000 | ||
| 020 |
_a954-529-397-7 _bиздат.: Колибри |
||
| 040 | _aBLK | ||
| 041 |
_aBUL _cBUL |
||
| 080 |
_aЧилийска литература _b821.134.2(83) _x-31 _z821.134.2(83)-31 |
||
| 100 | 1 |
_aАлиенде, Исабел _eпърви автор _930822 |
|
| 700 | 1 |
_aКостова, Мая _eпрев. от исп. _9284502 |
|
| 139 |
_aАлиенде, Исабел _bА 54 |
||
| 245 | 1 | 0 |
_aЗоро - Легендата започва _bРоман _cИсабел Алиенде; прев. от исп. Мая Костова. |
| 257 | _aCHI | ||
| 260 |
_аСофия _bКолибри _c2005 _fСофия : Унискорп |
||
| 300 |
_a339 с. _c21 см |
||
| 380 | _aX | ||
| 500 | _aОриг. загл. Zorro. Comienza la leyenda / Isabel Allende. | ||
| 590 | _aф | ||
| 653 | _aромани | ||
| 852 | _aЦб 225411 | ||
| 856 | 4 |
_qpdf _u |
|
| 856 | 4 |
_qpdf _u |
|
| 942 |
_cKNG _n0 _020 |
||
| 944 |
_aCR _c08.11.2005 _lМоника Янева _k30570 |
||
| 944 |
_aED _c11.09.2009 _lф / _k |
||
| 999 |
_c52494 _d52494 |
||